UM Logo

Experimental psychology/ (Record no. 151)

MARC details
000 -LEADER
fixed length control field 00624nam a22001937a 4500
008 - FIXED-LENGTH DATA ELEMENTS--GENERAL INFORMATION
fixed length control field 151030b xxu||||| |||| 00| 0 eng d
020 ## - INTERNATIONAL STANDARD BOOK NUMBER
International Standard Book Number 13:978-981-4384-16-2; 10:981-4384-16-X
082 ## - DEWEY DECIMAL CLASSIFICATION NUMBER
Classification number DC 150.724
Item number M992
100 ## - MAIN ENTRY--PERSONAL NAME
9 (RLIN) 200
Personal name Myers, Anne
245 ## - TITLE STATEMENT
Title Experimental psychology/
Statement of responsibility, etc. Anne Myers and Christine H. Hansen
250 ## - EDITION STATEMENT
Edition statement Seventh edition
260 ## - PUBLICATION, DISTRIBUTION, ETC. (IMPRINT)
Place of publication, distribution, etc. Andover
Name of publisher, distributor, etc. Cengage Learning
Date of publication, distribution, etc. c2012
300 ## - PHYSICAL DESCRIPTION
Extent 549 pages;
Dimensions 23 cm.
500 ## - GENERAL NOTE
General note Includes bibliographical references and index.
650 #0 - SUBJECT ADDED ENTRY--TOPICAL TERM
9 (RLIN) 202
Topical term or geographic name as entry element Psychology, Experimental
700 ## - ADDED ENTRY--PERSONAL NAME
9 (RLIN) 201
Personal name Hansen, Christine H.
365 ## - TRADE PRICE
Price amount 1,098.00
Currency code PHP.
942 ## - ADDED ENTRY ELEMENTS (KOHA)
Source of classification or shelving scheme Dewey Decimal Classification
Koha item type Circulation
Holdings
Withdrawn status Lost status Source of classification or shelving scheme Damaged status Not for loan Collection code Home library Current library Shelving location Date acquired Source of acquisition Total Checkouts Full call number Barcode Date last seen Date last checked out Copy number Price effective from Koha item type
    Dewey Decimal Classification     Circulation UM Digos College - LIC UM Digos College - LIC Book Cart 08/28/2015 Purchased 20 DC 150.724 M992 c2012 23549 05/15/2025 09/05/2022 1 10/30/2015 Circulation
    Dewey Decimal Classification     Circulation UM Digos College - LIC UM Digos College - LIC Book Cart 08/28/2015 Purchased 27 DC 150.724 M992 c2012 23545 05/15/2025 10/10/2023 2 10/30/2015 Circulation